000 00675nam a2200205Ia 4500
008 150520s9999 xx 000 0 und d
050 _aLB 2300
050 _b.F356 2015
100 _aFeria, Gabrielle jennifer Ll.
245 _aFactors which contribute to high academic performance of selected college students of southville international school and colleges /
245 _cGabrielle jennifer Ll. Feria.
260 _aLas PiƱas, Philippines :
260 _bSISC,
260 _c2015.
300 _a80 pages :
300 _billustrations ;
300 _c28 cm.
500 _aIncludes bibliographical references and appendices.
650 _aAcademic performance
999 _c284113
_d284113